00722nam a2200217Ia 4500003000900000008004100009020001800050040001600068080001600084245009900100260004200199300001600241650004100257650002500298650001800323650001400341700003500355942000700390999001500397952009200412IN-BaIIA211028s9999 xx 000 0 eng d a90-277-1860-1 cIIA Library a523.92bSTU 0aPhysics of the Sunbvol. Icedited by Peter A Sturrock  aDordrechtbD. Reidel Publishingc1986 aviii, 257p. aAstronomy and Astrophysics Thesaurus aSolar Interior98516 aSolar Physics aSun91200 aSturrock, Peter A., ed.911889 cBK c8762d8762 00104070aBANbKODcGENd1986-07-16l0o523.92/ STUp9638r2021-11-05w1986-07-16yBK